Statistics for African cup of nations winners

Click here to take the quiz!

General Stats

  • This quiz has been taken 136 times
    (115 since last reset)
  • The average score is 24 of 29

Answer Stats

Hint Answer % Correct
1957Egypt
97%
1980Nigeria
97%
1984Cameroon
95%
1996South Africa
95%
1990Algeria
91%
1992Ivory Coast
88%
1968DR Congo
87%
2012Zambia
86%
2004tunisia
85%
1963Ghana
84%
1976Morocco
83%
1970Sudan
76%
1962Ethiopia
67%
1974Zaire
43%
1959United Arab republic
11%
1972Republic of the Congo
10%

Score Distribution

Percentile by Number Answered

Percent of People with Each Score

Your Score History

You have not taken this quiz since the last reset